| 000 | 01646nam0a2200313 i 4500 | ||
|---|---|---|---|
| 001 | RU\NLR\bibl\1949060 | ||
| 005 | 20240921142532.0 | ||
| 021 |
_aRU _b2012-63918 _94690 |
||
| 035 | _a(nilc)RSL-KNO-005487146 | ||
| 035 | _a(NLR Aleph) 001938228 | ||
| 090 |
_a3529522 _c3529522 |
||
| 100 | _a20120829d2012 u y0rusy50 ca | ||
| 101 | 0 | _arus | |
| 102 | _aRU | ||
| 105 | _ay zzzz||||| | ||
| 200 | 1 |
_aСборник документов к выпуску "План счетов и Правила ведения бухгалтерского учета в кредитных организациях" _e(издан в составе Объединенного комплекта журнала "Бухгалтерский учет в кредитных организациях" за 1 полугодие 2012 г.) _f[сост. Чекмарев Е. А.] |
|
| 210 |
_aМосква _cРед. журн. "Бухгалтерский учет в кредитных организациях" _d2012 |
||
| 215 |
_a96 с. _d29 |
||
| 225 | 1 |
_aБиблиотека журнала "Бухгалтерский учет в кредитных организациях" _vN° 1 (24), 2012 г. |
|
| 606 | 1 |
_aКредитные учреждения _jСборники _xБухгалтерский учет _yРоссийская Федерация _92185433 _3RU\NLR\auth\661313966 |
|
| 686 |
_aУ052.9(2)226.210б _2rubbk |
||
| 686 | _aУ052.9(2)226я43 | ||
| 702 | 1 |
_aЧекмарев _bЕ. А. _4220 |
|
| 801 | 0 |
_aRU _bRuMoRKP _c20120829 _grcr |
|
| 801 | 1 |
_aRU _bРГБ _c20120829 |
|
| 801 | 2 |
_aRU _bNLR _c20120927 _grcr |
|
| 942 | _cBOOK | ||
| 980 | _aNBR | ||